zpět

Detail výsledku týmu

Tankovna U Učíků, Vrchlabí

Datum a čas kvízu

26.5 Celkem bodů Celkový počet nahraných bodů na tomto kvízu bez doplňovacích otázek.
8. Pořadí na kvízu Konečné umístění týmu na tomto kvízu.

Zaznamenané odpovědi

# Otázka Odpověď Body Výsledky
1. Policie v Praze řeší případ vo... Šlo o policejní auto. 1
2. Ze kterého důvodu zrušil minul... C 1
3. 78 dní byla na vrcholu žebříčk... Stranger Things 1
4. Na technologickém veletrhu CES... Tamagoči 1
5. Minulý týden proběhl nejdražší... Matyáš Vojta 0
6. Téma o městě, které nikdy nesp... Flatiron (Building)/žehlička 0
7. Seřaďte uvedené události od té... 1D 2B 3C 4A 0
8. Jak se jmenuje tato americká h... Beastie Boys; No Sleep till Brooklyn 0
9. Turisté v NYC míří nejen do di... 1A 2B 3D 4C 1
10. Jak se jmenuje fiktivní město,... Gotham (City); Bronx 1